Creación poética en el romancero tradicional

Na minha lista:
Detalhes bibliográficos
Autor principal: Bénichiou, Paul
Formato: Livro
Idioma:Undetermined
Publicado em: Madrid, España Editorial Gredos 1968
Assuntos:
Tags: Adicionar Tag
Sem tags, seja o primeiro a adicionar uma tag!

MARC

LEADER 00000nam a2200000Ia 4500
008 170316s9999 xx 000 0 und d
040 |a cru BVZT 
090 |a C-862 B-5c 
100 |a Bénichiou, Paul 
245 |a Creación poética en el romancero tradicional 
260 |a Madrid, España 
260 |b Editorial Gredos 
260 |c 1968 
300 |a 190 páginas 
650 |a LITERATURA ESPAÑOLA 
650 |a CRÍTICA 
942 |c 15 D 
999 |c 13091  |d 13091